000
00205 a2200097 4500
001
17464
100
_a
Spitzer F
245
_a
Principles of random walk
260
_a
_b
Springer
_c
090
_c
12905
_d
12905
942
_a
NUST-CAE
_c
M
_c
3231
999
_c
252537
_d
252537